Návrh robotickej baliacej linky v prostredí ABB Robot Studio

Salvato in:
Dettagli Bibliografici
Autore principale: Tabačiar, Martin (Autore)
Altri autori: Vachálek, Ján (Relatore della tesi)
Natura: Manoscritto Libro
Lingua:slovacco
Pubblicazione: 2015
Soggetti:
Accesso online:http://is.stuba.sk/zp/portal_zp.pl?podrobnosti=108126
Tags: Aggiungi Tag
Nessun Tag, puoi essere il primo ad aggiungerne!!

MARC

LEADER 00000ntm a22000003a 4500
001 stuzp52994
003 SK-STU
005 20160719154338.6
007 ta
008 150427s2015----xo-----f-mn---000-0-slo-d
040 |a STU  |b slo 
041 0 |a slo 
100 1 |a Tabačiar, Martin  |u 020020  |4 aut  |U SjF Strojnícka fakulta  |T SjF Ústav automatizácie, merania a aplikovanej informatiky  |X 9241  |U J0020  |Y 802  |7 9241 
242 0 1 |a The design of robotic packaging line in the enviroment ABB RobotStudio  |y eng 
245 1 0 |a Návrh robotickej baliacej linky v prostredí ABB Robot Studio 
260 |c 2015 
650 4 |a ABB RobotStudio  |2 slo 
650 4 |a priemyselný robot  |2 slo 
650 4 |a robotická baliaca linka  |2 slo 
650 4 |a industrial robot  |2 eng 
650 4 |a ABB RobotStudio  |2 eng 
650 4 |a robotic packaging line  |2 eng 
700 1 |a Vachálek, Ján  |4 ths  |X 2232  |7 A000002232 
856 4 |u http://is.stuba.sk/zp/portal_zp.pl?podrobnosti=108126 
996 |b 284J043799  |c J* 2089/BP  |l JJSK  |s A  |a 24  |w stuzp52994_0001 
SQL |a stuzp52994  |b DBP  |c SLO  |d Návrh robotickej baliacej linky v prostredí ABB Robot Studio  |e 9241  |f Tabačiar, Martin  |g 020020  |h 2232  |i Vachálek, Ján  |j 20150820  |k 646  |l 02  |m http://is.stuba.sk/zp/portal_zp.pl?podrobnosti=108126  |n B-AISP  |o 5.2.14. automatizácia